000 00852nam a22002417a 4500
005 20240530110558.0
008 160308s2013 ua g 000 0 ara d
017 _a21901
_bمصر . دار الكتب المصرية
020 _a9789773582892
040 _aEG-CaGPL
082 0 4 _221
_a153.42\
_bف ك
100 1 _aفلين ، جيمس ر
245 1 0 _aكيف تحسن من طريقة تفكيرك /
_cتاليف جيمس ر فلين ؛ ترجمة محمد صفوت حسن
250 _aط1
260 _aالقاهرة :
_bدار الفجر للنشر و التوزيع ،
_c2013 .
300 _a255 ص ؛
_c24 سم .
650 0 4 _aالتفكير
650 0 4 _aالمنطق
650 0 4 _aادارة الاعمال
700 0 _aمحمد صفوت حسن
_eمترجم
942 _2ddc
_cBK
999 _c62601
_d62601